000 00489nam a2200169 4500
001 VA14822
003 ES-SlBCS
005 20210601153843.0
008 140520s1960 xxu||||| |||| 00| 0 spa d
041 _aspa
100 1 _aGuerrero López, Eustaquio
_927688
245 1 0 _aLa libertad religiosa y el Estado Católico
_cEustaquio Guerrero López
260 _aMadrid :
_bStudium
_c, 1960
300 _a194 p.;
_c19 cm
650 _aLibertad Religiosa-Estado Católico
_9363318
942 _cBK
999 _c796852
_d796852